Lo que debe hacerse y lo que hay que evitar en la celebración de las misas manuales: comentario canónico-moral sobre el decreto Ut debita
Na minha lista:
| Autor principal: | |
|---|---|
| Formato: | Livro |
| Idioma: | espanhol |
| Publicado em: |
Madrid
Imprenta Asilo de Huérfanos del S. C. de Jesús
1906
|
| Edição: | 3a. ed |
| Assuntos: | |
| Tags: |
Adicionar Tag
Sem tags, seja o primeiro a adicionar uma tag!
|
MARC
| LEADER | 00000cam a2200000 a 4500 | ||
|---|---|---|---|
| 001 | UCD1918 | ||
| 003 | CL-VaPUC | ||
| 008 | 160407e19060000sp |||||||||||||||||spa|d | ||
| 082 | 0 | 4 | |a 264 |b FER |2 21 |
| 100 | 0 | |a Ferreres, Juan B |e author |9 585087 | |
| 245 | 1 | 3 | |a Lo que debe hacerse y lo que hay que evitar en la celebración de las misas manuales: comentario canónico-moral sobre el decreto Ut debita |
| 250 | |a 3a. ed | ||
| 300 | |a pág. irreg | ||
| 942 | |c BK | ||
| 945 | |d 20160407 22:06:00 |a dcastane | ||
| 260 | |a Madrid |b Imprenta Asilo de Huérfanos del S. C. de Jesús |c 1906 | ||
| 650 | 0 | |a Misa |9 329325 | |
| 650 | 0 | |a Eucaristía |9 257336 | |
| 650 | 7 | |a LITURGIA |2 CL-VaPUC |9 585088 | |
| 583 | |a last modification |c 20160407 22:06:00 |k Rodrigo Vera | ||
| 999 | |c 363126 |d 363124 | ||
| 952 | |0 0 |1 0 |3 erd |4 0 |6 264_000000000000000_FER_1906 |7 0 |8 X |9 474928 |a BIBTEO |b BIBTEO |c TEO_FFR |i 5279992 |o 264 FER 1906 |p 5279992 |r 2024-01-18 |w 2019-11-24 |y BK_X |z Catalogado en:20160407 |k OFM | ||